1st, 2nd and 3rd largest cities in countries (#7) - Statistics

General Stats
  • This quiz has been taken 33 times
  • The average score is 6 of 15
Answer Stats
Country Rank in country Population Answer % Correct
Luxembourg 1st 122,273 Luxembourg
97%
Mexico 1st 8,421,000 Mexico City
97%
2nd 1,410,858 Khartoum
90%
Liberia 1st 1,021,762 Monrovia
86%
Tonga 1st 23,221 Nuku'alofa
55%
2nd 36,218 Esch-sur-Alzette
31%
Sudan 1st 1,849,659 Omdurman
31%
3rd 1,544,500 Puebla
31%
2nd 1,837,700 Ecatepec
24%
3rd 1,012,211 Khartoum North
10%
3rd 50,245 Buchanan
7%
2nd 3,713 Neiafu
7%
3rd 27,409 Differdange
0%
2nd 56,986 Gbarnga
0%
3rd 3,489 Tofoa-Koloua
0%
No matching quizzes found
Score Distribution
Percent of People with Each Score
Percentile by Number Answered
Your Score History
You have not taken this quiz